000 00420nam a2200181Ia 4500
005 20240823044143.0
008 240823s9999||||xx |||||||||||||| ||und||
041 _aENGLISH
082 _A302.54 N9
100 _aKeval J Kumar
245 0 _aMass Communication in India
250 _a1st
260 _c1999
_b"Jaico,Mumbai,"
500 _aTRANSFERED
650 _aGeneral
_bGeneral
942 _cBK
999 _c211897
_d211897